书目信息 |
| 题名: |
周易古礼研究
|
|
| 作者: | 兰甲云 著 | |
| 分册: | ||
| 出版信息: | 长沙 湖南大学出版社 2008.06 |
|
| 页数: | 318页 | |
| 开本: | 21cm | |
| 丛书名: | ||
| 单 册: | ||
| 中图分类: | B221.5 , K892.9 | |
| 科图分类: | ||
| 主题词: | ||
| 电子资源: | ||
| ISBN: | 978-7-81113-360-8 | |
| 000 | 01006nam0 2200265 450 | |
| 001 | 012009750980 | |
| 005 | 20091128094005.40 | |
| 010 | @a978-7-81113-360-8@dCNY24.00 | |
| 100 | @a20091128d2008 em y0chiy0120 ea | |
| 101 | 0 | @achi |
| 102 | @aCN@b430000 | |
| 105 | @ay a 000yy | |
| 106 | @ar | |
| 200 | 1 | @a周易古礼研究@Azhou yi gu li yan jiu@f兰甲云著@Flan jia yun zhu |
| 210 | @a长沙@c湖南大学出版社@d2008.06 | |
| 215 | @a318页@d21cm | |
| 300 | @a湖南大学出版社图书出版基金资助项目 | |
| 320 | @a有书目 (第313-316页) | |
| 330 | @a本书是第一部对《周易》经传及易学史上有关古礼问题进行专门探讨的专著。考察了易学史上以礼释易的学术源流,研究了相关的以礼释易著作,对《周易》经传中蕴含的商周古礼进行了挖掘、分析和考证,阐述了《周易》所反映的当时社会的礼制情况,解决了许多卦爻辞阐释中存在的疑难问题。 | |
| 605 | @a周易@Azhou yi@x礼仪@x研究 | |
| 690 | @aB221.5@v4 | |
| 690 | @aK892.9@v4 | |
| 701 | 0 | @a兰甲云@Alan jia yun@4著 |
| 801 | 0 | @aCN@bRULIN@c20091128 |
| 905 | @b766162-64@dB221.5@eL036@f3 | |
| 周易古礼研究/兰甲云著.-长沙:湖南大学出版社,2008.06 |
| 318页;21cm |
| 湖南大学出版社图书出版基金资助项目 |
| ISBN 978-7-81113-360-8:CNY24.00 |
| 本书是第一部对《周易》经传及易学史上有关古礼问题进行专门探讨的专著。考察了易学史上以礼释易的学术源流,研究了相关的以礼释易著作,对《周易》经传中蕴含的商周古礼进行了挖掘、分析和考证,阐述了《周易》所反映的当时社会的礼制情况,解决了许多卦爻辞阐释中存在的疑难问题。 |
| ● |
| 相关链接 |
|
|
|
正题名:周易古礼研究
索取号:B221.5/L036
 
预约/预借
| 序号 | 登录号 | 条形码 | 馆藏地/架位号 | 状态 | 备注 |
| 1 | 766162 | 207661626 | 社科库509/509社科库 9排3列4层/ [索取号:B221.5/L036] | 在馆 | |
| 2 | 766163 | 207661635 | 社科库509/509社科库 9排3列4层/ [索取号:B221.5/L036] | 在馆 | |
| 3 | 766164 | 207661644 | 社科库509/509社科库 9排3列4层/ [索取号:B221.5/L036] | 在馆 |